000 00545ngm a2200205 i 4500
001 C2-0313517
003 PPAK
005 20180727220924.0
008 111120s2006 xxu|||| ||||| | vleng d
040 _aPPAK
_beng
_cPPAK
_erda
245 0 0 _aDaredevil
264 1 _aUnited States :
_b20th Century Fox ,
_c2006
336 _2rdacontent
_atext
337 _2rdamedia
_aunmediated
338 _2rdacarrier
_avolume
700 _eauthor
700 1 _aJohnson, Mark Steven,
_ecompile
700 1 _aVirkler, Dennis,
_eeditor
942 _2ddc
_cDVD
999 _c166731
_d166731